[Event "Hastings Masters"]
[Site "Hastings/UK"]
[Date "2010.12.29"]
[Round "2"]
[White "Edouard, Romain"]
[Black "Wohl, Aleksandar H"]
[Result "1/2-1/2"]
[WhiteElo "2620"]
[BlackElo "2375"]
[PlyCount "45"]
[EventDate "2010.??.??"]
[TimeControl "40/6000+30:20/3000+30:900+30"]

1. e4 e5 2. Nf3 Nc6 3. Bb5 Nge7 4. c3 d5 5. Nxe5 dxe4 6. Qe2 Be6 7. Qxe4 Bd5 8.
Qe2 Bxg2 9. Rg1 Bd5 10. d4 f6 11. Nxc6 bxc6 12. Ba4 Qd6 13. Rg3 Kf7 14. Bc2 Re8
15. Be3 g6 16. Nd2 Qd7 17. O-O-O Nf5 18. Bxf5 Qxf5 19. c4 Be6 20. Rf3 Qa5 21.
Ne4 Bf5 22. Nc5 Bxc5 23. Rxf5 1/2-1/2

[Event "Hastings Masters"]
[Site "Hastings/UK"]
[Date "2010.12.29"]
[Round "2.2"]
[White "Rendle, Thomas"]
[Black "Istratescu, Andrei"]
[Result "1/2-1/2"]
[WhiteElo "2391"]
[BlackElo "2620"]
[PlyCount "45"]
[EventDate "2010.??.??"]
[TimeControl "40/6000+30:20/3000+30:900+30"]

1. e4 c5 2. Nc3 e6 3. f4 a6 4. g3 b5 5. Bg2 Bb7 6. d3 d5 7. Qe2 Ne7 8. Nf3 d4
9. Nd1 Nec6 10. O-O Nd7 11. e5 g6 12. Nf2 Nb6 13. Ne4 Be7 14. c3 Rc8 15. g4 c4
16. Nxd4 Nxd4 17. cxd4 Bd5 18. Rd1 h5 19. g5 cxd3 20. Qxd3 Qc7 21. b3 Qc2 22.
Qxc2 Rxc2 23. Rd2 1/2-1/2

[Event "Hastings Masters"]
[Site "Hastings/UK"]
[Date "2010.12.29"]
[Round "2.3"]
[White "Howell, David"]
[Black "Swapnil, S Dhopade"]
[Result "1-0"]
[WhiteElo "2616"]
[BlackElo "2426"]
[PlyCount "71"]
[EventDate "2010.??.??"]
[TimeControl "40/6000+30:20/3000+30:900+30"]

1. e4 c6 2. d4 d5 3. exd5 cxd5 4. c4 Nf6 5. Nc3 e6 6. Nf3 Be7 7. cxd5 Nxd5 8.
Bd3 Nc6 9. O-O O-O 10. Re1 Nf6 11. a3 b6 12. Be3 Bb7 13. Qe2 Nd5 14. Rad1 Bf6
15. Ne4 Nce7 16. Ne5 Ng6 17. Qh5 Bxe5 18. dxe5 Nxe3 19. Ng5 h6 20. Nxf7 Qh4 21.
Qxg6 Rxf7 22. fxe3 Qg5 23. Qxg5 hxg5 24. Bg6 Re7 25. Rd6 Rf8 26. Red1 Bd5 27.
Rd4 Rc7 28. h3 Rc1+ 29. Kh2 Rc5 30. Rg4 Rb5 31. b4 Bb3 32. Rxg5 a5 33. bxa5
Rxa5 34. Rd7 Rxa3 35. Rh5 Rc8 36. Bf7+ 1-0

[Event "Hastings Masters"]
[Site "Hastings/UK"]
[Date "2010.12.29"]
[Round "2.4"]
[White "Parsanna, Rao"]
[Black "Kotronias, Vasilios"]
[Result "1-0"]
[WhiteElo "2400"]
[BlackElo "2582"]
[PlyCount "61"]
[EventDate "2010.??.??"]
[TimeControl "40/6000+30:20/3000+30:900+30"]

1. e4 c5 2. Nf3 e6 3. d4 cxd4 4. Nxd4 a6 5. Nc3 Qc7 6. Be2 b5 7. O-O Bb7 8. Re1
Nc6 9. Nxc6 dxc6 10. e5 Rd8 11. Bd3 c5 12. Qe2 Ne7 13. Bg5 h6 14. Bh4 g5 15.
Bg3 h5 16. h3 c4 17. Be4 Nc6 18. Rad1 Bc5 19. Qf3 Rh6 20. h4 g4 21. Qf4 Rh8 22.
Rd6 Rf8 23. Qh6 b4 24. Rxe6+ Ne7 25. Rxe7+ Qxe7 26. Bxb7 Qxb7 27. Ne4 Qb6 28.
e6 Bd4 29. Nf6+ Ke7 30. exf7+ Kxf7 31. Qxh5+ 1-0

[Event "Hastings Masters"]
[Site "Hastings/UK"]
[Date "2010.12.29"]
[Round "2.5"]
[White "Bates, Richard"]
[Black "Sengupta, Deep"]
[Result "1-0"]
[WhiteElo "2382"]
[BlackElo "2527"]
[PlyCount "79"]
[EventDate "2010.??.??"]
[TimeControl "40/6000+30:20/3000+30:900+30"]

1. d4 e6 2. Nf3 Nf6 3. c4 c5 4. d5 b5 5. Bf4 exd5 6. cxd5 d6 7. e4 a6 8. Nbd2
Nbd7 9. a4 Rb8 10. axb5 axb5 11. Bd3 Ng4 12. O-O Nge5 13. Qe2 Qb6 14. b4 Nxd3
15. Qxd3 Be7 16. e5 O-O 17. Ne4 c4 18. Qc3 dxe5 19. Nxe5 Nxe5 20. Qxe5 Rb7 21.
d6 Bd8 22. Ra8 Rb8 23. Be3 Qb7 24. Ra7 Qc6 25. d7 Bb6 26. dxc8=Q Rfxc8 27. Bxb6
Rxb6 28. Re7 h6 29. Nc3 Qa8 30. Re1 Rg6 31. g3 Qa3 32. Nxb5 Qxb4 33. Nc3 Qb2
34. Re8+ Rxe8 35. Qxe8+ Kh7 36. Qe3 Rf6 37. Re2 Qb3 38. Qe4+ g6 39. Qd4 Rf5 40.
Re8 1-0

[Event "Hastings Masters"]
[Site "Hastings/UK"]
[Date "2010.12.29"]
[Round "2.6"]
[White "Neverov, Valeriy"]
[Black "Ashton, Adam"]
[Result "1-0"]
[WhiteElo "2544"]
[BlackElo "2328"]
[PlyCount "101"]
[EventDate "2010.??.??"]
[TimeControl "40/6000+30:20/3000+30:900+30"]

1. Nf3 Nf6 2. c4 g6 3. Nc3 Bg7 4. e4 d6 5. d4 O-O 6. Be2 c5 7. O-O Nc6 8. d5
Na5 9. Nd2 e5 10. a3 b6 11. b4 Nb7 12. Nb3 Ne8 13. Ra2 f5 14. exf5 Bxf5 15. Bd3
Qh4 16. g3 Qh3 17. Be4 Bg4 18. f3 Bd7 19. bxc5 Nxc5 20. Nxc5 bxc5 21. Rb2 Nf6
22. Rb7 Bc8 23. Re7 Nh5 24. Rf2 a6 25. Bd3 Bf6 26. Rc7 Bd8 27. Rc6 Qd7 28. Ne4
Be7 29. Rb2 Qd8 30. Bh6 Ng7 31. g4 Bd7 32. Rcb6 Qc7 33. Rb7 Qc8 34. Kg2 Rf7 35.
Bg5 Bxg5 36. Nxg5 Rf8 37. h4 Qd8 38. Qd2 Qe7 39. h5 gxh5 40. Bxh7+ Kh8 41. Bg6
Rf4 42. Rb8+ Rxb8 43. Rxb8+ Ne8 44. Ne6 hxg4 45. Nxf4 exf4 46. Bxe8 Bxe8 47.
Qxf4 gxf3+ 48. Kxf3 Kg7 49. Kf2 Bh5 50. Rb2 Kg6 51. Kf1 1-0

[Event "Hastings Masters"]
[Site "Hastings/UK"]
[Date "2010.12.29"]
[Round "2.7"]
[White "Arghyadip, Das"]
[Black "Eggleston, David"]
[Result "0-1"]
[WhiteElo "2476"]
[BlackElo "2309"]
[PlyCount "82"]
[EventDate "2010.??.??"]
[TimeControl "40/6000+30:20/3000+30:900+30"]

1. e4 c5 2. Nf3 d6 3. d4 cxd4 4. Nxd4 Nf6 5. Nc3 a6 6. h3 e6 7. g4 Be7 8. Bg2
O-O 9. Be3 Nfd7 10. Qe2 Nc6 11. O-O-O Nde5 12. f4 Nxd4 13. Bxd4 Nc6 14. Be3 b5
15. g5 b4 16. Na4 a5 17. Qf2 Ba6 18. Nb6 Rb8 19. h4 Qc7 20. Bf1 Bxf1 21. Rhxf1
f5 22. exf5 Rxf5 23. Qe2 d5 24. Na4 Bd6 25. Kb1 Rbf8 26. b3 Qd7 27. Nb6 Qe8 28.
Rfe1 Qf7 29. Bc1 Nd8 30. Qb5 Qb7 31. Be3 d4 32. Qxf5 exf5 33. Bxd4 Qc6 34. Nc4
Nf7 35. h5 Bxf4 36. g6 hxg6 37. hxg6 Qxg6 38. Rg1 Bg3 39. Bc5 Re8 40. Bf2 f4
41. Rd3 Qxd3 0-1

[Event "Hastings Masters"]
[Site "Hastings/UK"]
[Date "2010.12.29"]
[Round "2.8"]
[White "Zhou, Yang Fan"]
[Black "Gormally, Daniel"]
[Result "1/2-1/2"]
[WhiteElo "2348"]
[BlackElo "2480"]
[PlyCount "108"]
[EventDate "2010.??.??"]
[TimeControl "40/6000+30:20/3000+30:900+30"]

1. e4 c5 2. Nf3 d6 3. d4 cxd4 4. Nxd4 Nf6 5. Nc3 a6 6. h3 g6 7. g4 Bg7 8. Bg2
O-O 9. Be3 Nc6 10. O-O Bd7 11. Nde2 Rc8 12. a4 Na5 13. b3 Nxg4 14. hxg4 Bxc3
15. Nxc3 Rxc3 16. Bd4 Rc8 17. f4 e5 18. Bf2 exf4 19. Qxd6 Nc6 20. Qxf4 Qc7 21.
Qxc7 Rxc7 22. Bg3 Rcc8 23. Bd6 Rfe8 24. e5 Nxe5 25. Bxb7 Rxc2 26. Rac1 Rd2 27.
Bxe5 Rxe5 28. Bxa6 Re3 29. Rfd1 Rg3+ 30. Kf1 Rxd1+ 31. Rxd1 Be6 32. b4 Rxg4 33.
Rb1 Bd5 34. a5 h5 35. Bc8 Rc4 36. Bd7 Rc2 37. b5 Kf8 38. Re1 Ra2 39. a6 f5 40.
Re5 Bc4+ 41. Ke1 h4 42. Re8+ Kg7 43. Bc6 h3 44. Re7+ Kf6 45. Rh7 Bxb5 46. Bxb5
h2 47. Kf1 g5 48. Bc4 Ra4 49. Be2 Ra1+ 50. Kg2 Ra2 51. Kf2 g4 52. Rxh2 f4 53.
Rh4 f3 54. Rxg4 fxe2 1/2-1/2

[Event "Hastings Masters"]
[Site "Hastings/UK"]
[Date "2010.12.29"]
[Round "2.9"]
[White "Pert, Richard G"]
[Black "Ledger, David"]
[Result "1-0"]
[WhiteElo "2460"]
[BlackElo "2233"]
[PlyCount "67"]
[EventDate "2010.??.??"]
[TimeControl "40/6000+30:20/3000+30:900+30"]

1. d4 Nf6 2. Bg5 Ne4 3. Bf4 c5 4. f3 Qa5+ 5. c3 Nf6 6. d5 Qb6 7. e4 Qxb2 8. Nd2
Qxc3 9. Bc7 b6 10. Rc1 Qe3+ 11. Ne2 d6 12. Nc4 Qh6 13. Qa4+ Bd7 14. Qa3 a6 15.
Nxb6 Ra7 16. Bxb8 Rb7 17. Na8 e6 18. Nc7+ Kd8 19. Nxa6 exd5 20. e5 dxe5 21.
Qa5+ Kc8 22. Bxe5 Ra7 23. Nf4 Qg5 24. Qc3 Bc6 25. Nb4 d4 26. Bxd4 Qxf4 27. Nxc6
Rxa2 28. Be5 Qa4 29. Nb4 Ra3 30. Ba6+ Kd7 31. Qd2+ Ke6 32. Bc8+ Kxe5 33. f4+
Ke4 34. Rc4# 1-0

[Event "Hastings Masters"]
[Site "Hastings/UK"]
[Date "2010.12.29"]
[Round "2.10"]
[White "Druckenthaner, Andreas"]
[Black "Shyam, Sundar M"]
[Result "1/2-1/2"]
[WhiteElo "2301"]
[BlackElo "2414"]
[PlyCount "149"]
[EventDate "2010.??.??"]
[TimeControl "40/6000+30:20/3000+30:900+30"]

1. e4 e6 2. d4 d5 3. Nc3 Bb4 4. e5 c5 5. Bd2 Ne7 6. Nb5 Bxd2+ 7. Qxd2 O-O 8. c3
Nbc6 9. Nf3 a6 10. Na3 cxd4 11. cxd4 f6 12. exf6 Rxf6 13. Bd3 Qb6 14. O-O-O Bd7
15. Nc2 Ng6 16. Bxg6 Rxg6 17. Ne3 Be8 18. Kb1 Rf6 19. Ne5 Nxe5 20. dxe5 Bg6+
21. Ka1 Rff8 22. f3 Rac8 23. Rc1 Rc7 24. Rxc7 Qxc7 25. Rc1 Qxe5 26. Ng4 Qb8 27.
Qe3 Bf5 28. Ne5 Rc8 29. Re1 Qd6 30. Qd4 Qc7 31. a3 Qa5 32. Rd1 Qc5 33. Qxc5
Rxc5 34. g4 Bc2 35. b4 Rc3 36. Kb2 Re3 37. Kxc2 Rxe5 38. Kd3 Kf7 39. Rc1 Kf6
40. Rc7 Re1 41. Rxb7 Ra1 42. g5+ Kg6 43. Re7 Rxa3+ 44. Kd4 Rxf3 45. Rxe6+ Kxg5
46. Rxa6 Rf4+ 47. Kc3 Rh4 48. Ra2 Kf5 49. Rb2 Ke6 50. b5 Kd7 51. b6 Kc8 52. Rd2
Kb7 53. Rxd5 Kxb6 54. Rd2 Kc5 55. Rg2 Rh3+ 56. Kd2 g6 57. Ke2 Kd4 58. Kf2 Ke4
59. Kg1 Re3 60. Rf2 Rf3 61. Re2+ Kf4 62. Kg2 Ra3 63. Rb2 Ra4 64. Rb3 g5 65.
Rf3+ Kg4 66. Rg3+ Kf5 67. Rf3+ Kg6 68. Rb3 h5 69. Rb6+ Kf5 70. Rb5+ Kf4 71. Rb2
g4 72. Rf2+ Ke3 73. Rf8 h4 74. Re8+ Re4 75. Rh8 1/2-1/2

[Event "Hastings Masters"]
[Site "Hastings/UK"]
[Date "2010.12.29"]
[Round "2.11"]
[White "Hanssen, Gunnar Berg"]
[Black "Ramnath Bhuvanesh, R."]
[Result "0-1"]
[WhiteElo "2191"]
[BlackElo "2387"]
[PlyCount "98"]
[EventDate "2010.??.??"]
[TimeControl "40/6000+30:20/3000+30:900+30"]

1. Nf3 Nf6 2. c4 g6 3. g3 Bg7 4. Bg2 O-O 5. O-O d6 6. Nc3 c6 7. d3 Nbd7 8. Rb1
a5 9. a3 Nb6 10. Na4 Nxa4 11. Qxa4 Bd7 12. Bd2 e5 13. Qc2 Re8 14. Bc3 Qc7 15.
b4 axb4 16. axb4 d5 17. Nd2 dxc4 18. Nxc4 Nd5 19. Bd2 Ne7 20. Be3 Nf5 21. Bb6
Qb8 22. Rfd1 Ra6 23. e4 Nd6 24. Nxd6 Qxd6 25. Bc5 Qe6 26. d4 exd4 27. Bxd4 Bxd4
28. Rxd4 Qe7 29. h4 Be6 30. Rbd1 Qf6 31. Qc5 Ra2 32. R4d2 Ra3 33. b5 Rc3 34.
Qb6 Qe5 35. bxc6 bxc6 36. Rd8 Rxd8 37. Qxd8+ Kg7 38. Qe8 Qc5 39. Rd8 Rxg3 40.
Qh8+ Kh6 41. Rg8 Rd3 42. Qg7+ Kh5 43. Qf6 Kg4 44. Kh2 Qc1 45. f3+ Kh5 46. Qe5+
Kxh4 47. f4 h6 48. f5 Qg5 49. Rh8 h5 0-1

[Event "Hastings Masters"]
[Site "Hastings/UK"]
[Date "2010.12.29"]
[Round "2.12"]
[White "Hebden, Mark L"]
[Black "Rayner, Francis"]
[Result "1-0"]
[WhiteElo "2556"]
[BlackElo "2149"]
[PlyCount "121"]
[EventDate "2010.??.??"]
[TimeControl "40/6000+30:20/3000+30:900+30"]

1. d4 Nf6 2. Nf3 d6 3. Nc3 Nbd7 4. e4 e5 5. Bc4 Be7 6. O-O O-O 7. Re1 c6 8. a4
b6 9. d5 c5 10. a5 bxa5 11. Nd2 Nb6 12. Bb5 Bd7 13. Bxd7 Nfxd7 14. Nb3 Nc4 15.
Qd3 Ndb6 16. Nxa5 Nxa5 17. Rxa5 Nc8 18. Ra6 Rb8 19. Nb5 Qd7 20. c4 Rb6 21. Ra2
a6 22. Nc3 Qb7 23. Nd1 Bf6 24. Bd2 Ne7 25. g3 Rb8 26. Bc3 Bg5 27. Rf1 Ng6 28.
h4 Bh6 29. f3 Ne7 30. f4 exf4 31. gxf4 Ng6 32. Qg3 Qe7 33. h5 Qh4 34. Qxh4 Nxh4
35. Kh2 Re8 36. Kh3 Rxe4 37. Kxh4 Bxf4 38. Re1 Rxe1 39. Bxe1 Kf8 40. Ba5 Rb3
41. Bc3 Rb6 42. Kg4 Bh6 43. Nf2 g6 44. hxg6 hxg6 45. Nd3 f5+ 46. Kf3 Bg7 47.
Bd2 Kf7 48. Ra1 Rb3 49. Ke2 Rb6 50. Kd1 Bf6 51. Kc2 g5 52. Re1 Rb8 53. Re6 Be7
54. b4 cxb4 55. Nxb4 Bf6 56. Rxd6 a5 57. Nd3 Rc8 58. Bc3 Bxc3 59. Kxc3 g4 60.
Ne5+ Ke7 61. Re6+ 1-0

[Event "Hastings Masters"]
[Site "Hastings/UK"]
[Date "2010.12.29"]
[Round "2.13"]
[White "Summerscale, Aaron"]
[Black "Sergienko, Vladislav"]
[Result "1-0"]
[WhiteElo "2428"]
[BlackElo "2133"]
[PlyCount "85"]
[EventDate "2010.??.??"]
[TimeControl "40/6000+30:20/3000+30:900+30"]

1. d4 Nf6 2. c4 g6 3. Nc3 Bg7 4. e4 d6 5. Nf3 O-O 6. Be2 Bg4 7. Be3 Nfd7 8. d5
Nb6 9. Nd2 Bxe2 10. Qxe2 N8d7 11. O-O c6 12. Rac1 Rc8 13. Rfd1 Nc5 14. Nf3 cxd5
15. exd5 Nba4 16. Nxa4 Nxa4 17. Bd4 Re8 18. Bxg7 Kxg7 19. b3 Nc5 20. Rc3 Nd7
21. Re3 Nf6 22. Re1 Rc7 23. Qd2 Qd7 24. Nd4 a6 25. Rh3 h5 26. a4 Qc8 27. f4 e6
28. dxe6 fxe6 29. Rhe3 e5 30. fxe5 dxe5 31. Rxe5 Rxe5 32. Rxe5 Rd7 33. h3 Kf7
34. Qe3 Qd8 35. Ne6 Rd1+ 36. Kh2 Qd6 37. c5 Qb8 38. Qf4 Rf1 39. Ng5+ Kg8 40.
Qc4+ Kg7 41. Qf7+ Kh6 42. Qe7 Rf2 43. Kg1 1-0

[Event "Hastings Masters"]
[Site "Hastings/UK"]
[Date "2010.12.29"]
[Round "2.14"]
[White "de Coverly, Roger"]
[Black "Williams, Simon K"]
[Result "0-1"]
[WhiteElo "2091"]
[BlackElo "2493"]
[PlyCount "110"]
[EventDate "2010.??.??"]
[TimeControl "40/6000+30:20/3000+30:900+30"]

1. Nf3 c5 2. c4 g6 3. Nc3 Bg7 4. g3 Nc6 5. Bg2 e5 6. d3 Nge7 7. Bd2 d6 8. Qc1
h5 9. Rb1 b6 10. h4 Bb7 11. O-O Qd7 12. a3 Nd4 13. Nxd4 Bxg2 14. Kxg2 cxd4 15.
Ne4 f5 16. Ng5 O-O 17. Qc2 f4 18. Ne4 Nf5 19. Rh1 fxg3 20. Nxg3 Nxg3 21. fxg3
Qb7+ 22. Kg1 Qd7 23. Rh2 Rf7 24. Bg5 Raf8 25. Qd2 d5 26. cxd5 Qxd5 27. Rg2 a5
28. Rc1 Kh7 29. Qc2 Qa2 30. Re1 b5 31. Bc1 Qd5 32. Bd2 Qa8 33. Rc1 Rf5 34. Qc6
Rf1+ 35. Kh2 Qxc6 36. Rxc6 Rd1 37. Bxa5 Bh6 38. Rc7+ Kg8 39. Bb4 Rff1 40. Kh3
Be3 41. Rc8+ Kf7 42. Rf8+ Ke6 43. Re8+ Kf6 44. Rf8+ Kg7 45. Rxf1 Rxf1 46. g4
Kf7 47. gxh5 gxh5 48. Rg3 Bf4 49. Rf3 Rh1+ 50. Kg2 Rh2+ 51. Kf1 Ke6 52. Rf2
Rxh4 53. Rg2 Be3 54. Rg6+ Kf5 55. Rb6 Rg4 0-1

[Event "Hastings Masters"]
[Site "Hastings/UK"]
[Date "2010.12.29"]
[Round "2.15"]
[White "Anwesh, Upadhyaya"]
[Black "Hegarty, Sarah"]
[Result "1-0"]
[WhiteElo "2412"]
[BlackElo "2057"]
[PlyCount "59"]
[EventDate "2010.??.??"]
[TimeControl "40/6000+30:20/3000+30:900+30"]

1. c4 Nf6 2. d4 g6 3. g3 Bg7 4. Bg2 d5 5. cxd5 Nxd5 6. Nf3 O-O 7. O-O Nc6 8.
Nc3 Nb6 9. e3 Re8 10. Re1 e5 11. d5 Na5 12. e4 c6 13. Bg5 Qd7 14. a4 h6 15. Bc1
Qd6 16. b3 Qb4 17. Bd2 Qxb3 18. Qc1 Nac4 19. Bxh6 Bxh6 20. Qxh6 Qxc3 21. Ng5
Nd6 22. Rac1 Qb2 23. Nh7 Nxd5 24. Rb1 Qc3 25. Rec1 Qa5 26. exd5 Qd8 27. Ng5 Qf6
28. dxc6 bxc6 29. Rxc6 Qf5 30. Rd1 1-0

[Event "Hastings Masters"]
[Site "Hastings/UK"]
[Date "2010.12.29"]
[Round "2.16"]
[White "Coates, David H"]
[Black "Salov, Sergei"]
[Result "1/2-1/2"]
[WhiteElo "2068"]
[BlackElo "2271"]
[PlyCount "95"]
[EventDate "2010.??.??"]
[TimeControl "40/6000+30:20/3000+30:900+30"]

1. d4 Nf6 2. c4 e6 3. Nc3 Bb4 4. Qc2 d5 5. a3 Bxc3+ 6. Qxc3 O-O 7. Bg5 h6 8.
Bxf6 Qxf6 9. cxd5 exd5 10. e3 c6 11. Bd3 Bf5 12. Ne2 Bxd3 13. Qxd3 Re8 14. O-O
Nd7 15. Rfc1 Qd6 16. Qb3 Rab8 17. Rc2 Nf6 18. h3 Ne4 19. Rac1 Re7 20. Nc3 f5
21. Nxe4 Rxe4 22. Qa4 a6 23. Qa5 f4 24. Qd2 fxe3 25. fxe3 Rbe8 26. Re1 Qg3 27.
Qf2 Qg5 28. Rc3 Rf8 29. Qe2 Rfe8 30. Qf2 h5 31. Rb3 R8e7 32. Qd2 h4 33. Qf2 Rf7
34. Qe2 Rfe7 35. Qd2 Qg3 36. Re2 R4e6 37. Rc3 Qg5 38. Qe1 Rg6 39. Kh1 Rge6 40.
Kg1 Qh6 41. Qf2 Re4 42. Rb3 Qe6 43. Rd3 Rf7 44. Qe1 Qd6 45. Rf2 Qg3 46. Qe2
Rxf2 47. Qxf2 Qg6 48. Rb3 1/2-1/2

[Event "Hastings Masters"]
[Site "Hastings"]
[Date "2010.12.29"]
[Round "2.17"]
[White "Bellin, Robert"]
[Black "Flynn, David"]
[Result "1-0"]
[WhiteElo "2367"]
[BlackElo "2061"]
[PlyCount "93"]
[EventDate "2010.12.28"]

1. e4 c5 2. Nf3 d6 3. d4 cxd4 4. Nxd4 Nf6 5. Nc3 a6 6. Be3 e5 7. Nb3 Be7 8. f3
Be6 9. Qd2 d5 10. exd5 Nxd5 11. Nxd5 Bxd5 12. O-O-O Bc6 13. Na5 Qxd2+ 14. Bxd2
Bc5 15. Bc3 f6 16. Bc4 b6 17. Nxc6 Nxc6 18. Rhe1 b5 19. Bd5 Kd7 20. Be4+ Kc7
21. Rd5 Bd6 22. Red1 Rad8 23. R5d3 Nb4 24. Bxb4 Bxb4 25. Rxd8 Rxd8 26. Rxd8
Kxd8 27. Bxh7 Kd7 28. c3 Be7 29. b4 Bd8 30. h4 a5 31. a3 axb4 32. axb4 Bb6 33.
Kd2 Bf2 34. h5 Bg3 35. Kd3 Kc6 36. Bg6 Be1 37. Be8+ Kb6 38. g4 Ka6 39. g5 fxg5
40. c4 Bxb4 41. cxb5+ Kb6 42. Ke4 Bc3 43. Kf5 Kc5 44. Bc6 Kd6 45. Kg6 Ke7 46.
b6 Kd6 47. Be4 1-0

[Event "Hastings Masters"]
[Site "Hastings"]
[Date "2010.12.29"]
[Round "2.18"]
[White "Knott, Simon J B"]
[Black "Kurka, Dieter"]
[Result "1-0"]
[WhiteElo "2333"]
[BlackElo "2040"]
[PlyCount "65"]
[EventDate "2010.12.28"]

1. Nf3 c5 2. c4 e6 3. g3 b6 4. Bg2 Bb7 5. O-O Nf6 6. Nc3 Be7 7. Re1 d6 8. e4 a6
9. d4 cxd4 10. Nxd4 Qc7 11. Be3 O-O 12. Rc1 Nbd7 13. f4 h5 14. h3 Rfe8 15. g4
hxg4 16. hxg4 Nc5 17. Bf2 e5 18. fxe5 dxe5 19. Nf5 Bf8 20. b4 Ncd7 21. Nd5 Bxd5
22. cxd5 Qb7 23. g5 Nh7 24. d6 Rac8 25. g6 fxg6 26. Qb3+ Kh8 27. Nh4 Ng5 28.
Nxg6+ Kh7 29. Bh3 Rxc1 30. Bf5 Rxe1+ 31. Bxe1 Bxd6 32. Bd2 Nxe4 33. Ne7+ 1-0

[Event "Hastings Masters"]
[Site "Hastings"]
[Date "2010.12.29"]
[Round "2.20"]
[White "Chkartina, Gerhana"]
[Black "Prosviriakov, Vladimir"]
[Result "0-1"]
[WhiteElo "2014"]
[BlackElo "2280"]
[PlyCount "82"]
[EventDate "2010.12.28"]

1. d4 e6 2. c4 Bb4+ 3. Nc3 f5 4. Qc2 Nf6 5. a3 Bxc3+ 6. Qxc3 O-O 7. Bg5 h6 8.
Bxf6 Qxf6 9. e3 d6 10. Nf3 Nc6 11. Be2 e5 12. d5 Ne7 13. O-O-O Bd7 14. Kb1 Be8
15. Nd2 c6 16. dxc6 Bxc6 17. f3 Rac8 18. Nb3 Kh8 19. Na5 d5 20. Qb3 d4 21. exd4
exd4 22. Bd3 b6 23. Nxc6 Nxc6 24. Rhe1 Ne5 25. Qa4 Rc7 26. h3 Rfc8 27. f4 Nxc4
28. Bxc4 Rxc4 29. Qxa7 Rc2 30. Qe7 Qc6 31. Qb4 Rc4 32. Qd2 Qa4 33. Qd3 Qb5 34.
Re5 Qc6 35. Rxf5 b5 36. Re5 b4 37. axb4 Rxb4 38. Re2 Rc4 39. Ree1 Qa6 40. Rd2
Ra8 41. Qa3 Ra4 0-1

[Event "Hastings Masters"]
[Site "Hastings"]
[Date "2010.12.29"]
[Round "2.21"]
[White "Kulkarni, Chinmay"]
[Black "Lenier, Jude"]
[Result "1-0"]
[WhiteElo "2275"]
[BlackElo "2006"]
[PlyCount "25"]
[EventDate "2010.12.28"]

1. Nf3 Nf6 2. c4 g6 3. Nc3 d5 4. cxd5 Nxd5 5. Qa4+ Bd7 6. Qb3 Bc6 7. Ne5 Bg7 8.
e4 Qd6 9. Nxc6 Nxc3 10. Nxb8 Qe5 11. dxc3 Qxe4+ 12. Be3 f5 13. Qb5+ 1-0

[Event "Hastings Masters"]
[Site "Hastings"]
[Date "2010.12.29"]
[Round "2.22"]
[White "Pleininger, Rudolf"]
[Black "Eames, Robert S"]
[Result "0-1"]
[WhiteElo "1998"]
[BlackElo "2275"]
[PlyCount "30"]
[EventDate "2010.12.28"]

1. e4 e5 2. Nf3 Nc6 3. d4 exd4 4. Bc4 Nf6 5. e5 d5 6. Bb5 Ne4 7. Nxd4 Bc5 8.
O-O O-O 9. Nxc6 bxc6 10. Bxc6 Ba6 11. Bxa8 Bxf1 12. Qxd5 Bc4 13. Qxd8 Bxf2+ 14.
Kh1 Rxd8 15. g3 Rxa8 0-1

[Event "Hastings Masters"]
[Site "Hastings"]
[Date "2010.12.29"]
[Round "2.23"]
[White "Griffiths, Ryan Rhys"]
[Black "Zhu, Yao Yao"]
[Result "1-0"]
[WhiteElo "2267"]
[BlackElo "1994"]
[PlyCount "113"]
[EventDate "2010.12.28"]

1. Nf3 Nf6 2. g3 g6 3. Bg2 Bg7 4. O-O O-O 5. d3 d5 6. Nbd2 c5 7. c4 Nc6 8. a3
b6 9. Rb1 Bb7 10. b4 cxb4 11. axb4 dxc4 12. dxc4 Qc7 13. Bb2 Rad8 14. Qc1 Rfe8
15. b5 Na5 16. Be5 Qc5 17. Bc3 Ne4 18. Bb4 Qc7 19. Qc2 Nxd2 20. Nxd2 Bxg2 21.
Kxg2 Nb7 22. Rb3 Nd6 23. Rc1 Qb7+ 24. Kg1 Rc8 25. Qb1 Red8 26. Ra3 Rd7 27. Rd3
Nf5 28. Nb3 Nd4 29. Nxd4 Rxd4 30. Rxd4 Bxd4 31. Qd3 Bf6 32. c5 bxc5 33. Rxc5
Rxc5 34. Bxc5 Kg7 35. Qc4 Qd7 36. Be3 Be5 37. Qc5 f6 38. Qxa7 Qd1+ 39. Kg2 Qd5+
40. f3 Bd6 41. b6 Qb5 42. Qa2 Bb8 43. Bf2 Bd6 44. Qe6 Qb2 45. Qe4 Qa3 46. Qb1
Qa8 47. b7 Qb8 48. Qb6 Kf8 49. Qc6 Kf7 50. Qb6 Kf8 51. Qc6 Kf7 52. Qd5+ Kf8 53.
Be3 Kg7 54. Qc6 Kf7 55. Qc8 g5 56. Bc5 Be5 57. Qd7 1-0

[Event "Hastings Masters"]
[Site "Hastings"]
[Date "2010.12.29"]
[Round "2.24"]
[White "Webster, Richard J"]
[Black "Kaufeld, Juergen"]
[Result "1/2-1/2"]
[WhiteElo "1986"]
[BlackElo "2270"]
[PlyCount "80"]
[EventDate "2010.12.28"]

1. c4 c6 2. e4 d5 3. exd5 cxd5 4. d4 Nf6 5. Nc3 g6 6. Nf3 Bg7 7. Bg5 dxc4 8.
Bxc4 O-O 9. h3 Nc6 10. O-O Na5 11. Be2 Be6 12. Qa4 a6 13. Rfd1 Rc8 14. Ne5 Re8
15. Rac1 b5 16. Qa3 Qb6 17. b4 Nc4 18. Nxc4 Bxc4 19. Bf3 e6 20. Qb2 Red8 21.
Ne4 Nxe4 22. Bxd8 Rxd8 23. Bxe4 Bxd4 24. Qc2 e5 25. Kh1 Rc8 26. f3 Qe6 27. Re1
Qf6 28. Bd5 Qd6 29. Qe4 Kg7 30. Bxc4 bxc4 31. f4 f6 32. fxe5 fxe5 33. Rf1 c3
34. a3 Rc7 35. Qd3 Qe6 36. Qf3 Qe7 37. Qe4 Qe6 38. Qf3 Qe7 39. Qe4 Qd7 40. Qf3
Qe7 1/2-1/2

[Event "Hastings Masters"]
[Site "Hastings"]
[Date "2010.12.29"]
[Round "2.25"]
[White "Simon, Thomas"]
[Black "Rudd, Jack"]
[Result "0-1"]
[WhiteElo "1971"]
[BlackElo "2253"]
[PlyCount "120"]
[EventDate "2010.12.28"]

1. Nf3 Nc6 2. d4 d5 3. c4 Bg4 4. Nc3 e6 5. cxd5 exd5 6. Bf4 Nf6 7. e3 Ne4 8.
Rc1 g5 9. Bg3 h5 10. h3 Nxg3 11. fxg3 Be6 12. Bb5 Qd6 13. Bxc6+ bxc6 14. Ne2 f6
15. Qc2 Bd7 16. O-O Bh6 17. e4 dxe4 18. Qxe4+ Kd8 19. Rc2 Rb8 20. Ne1 g4 21. h4
f5 22. Qe5 Re8 23. Qxd6 cxd6 24. Nd3 Be3+ 25. Kh2 Re4 26. Ndf4 Be8 27. d5 c5
28. Ne6+ Ke7 29. Nc3 Re5 30. Nf4 Bxf4 31. gxf4 Re3 32. Nd1 Rd3 33. Re1+ Kf8 34.
Ne3 Bd7 35. Kg3 Rb4 36. Rc3 Rd2 37. b3 Re4 38. a3 Rxd5 39. Nxd5 Rxe1 40. Kf2
Ra1 41. b4 Ra2+ 42. Kg1 Bc6 43. Ne3 g3 44. Nc2 Be4 45. Ne1 c4 46. Rxg3 d5 47.
Rc3 Rb2 48. Nf3 Ke7 49. Nd4 Rxg2+ 50. Kf1 Rg4 51. Nc6+ Kd6 52. Nxa7 Rxf4+ 53.
Ke1 Rxh4 54. Nb5+ Ke5 55. a4 Rh1+ 56. Kd2 Rb1 57. Na7 Bd3 58. Nc6+ Ke4 59. b5
d4 60. Rc1 c3+ 0-1

[Event "Hastings Masters"]
[Site "Hastings"]
[Date "2010.12.29"]
[Round "2.26"]
[White "Ramondino, Renzo"]
[Black "Ramstad, Havard"]
[Result "1-0"]
[WhiteElo "2257"]
[BlackElo "1793"]
[PlyCount "81"]
[EventDate "2010.12.28"]

1. d4 d5 2. c4 c6 3. Nf3 Nf6 4. Qc2 e6 5. g3 Nbd7 6. Bg2 Be7 7. O-O O-O 8. b3
a6 9. Bb2 b5 10. Nbd2 Bb7 11. c5 a5 12. a3 Qc7 13. b4 a4 {(=)} 14. Rfe1 Rfe8
15. e4 dxe4 16. Nxe4 Nxe4 17. Rxe4 Bf6 18. Rae1 Rad8 19. h4 Bc8 20. g4 g6 21.
g5 Bg7 22. Bc1 e5 23. Bf4 Nf8 24. Bxe5 Bxe5 25. Rxe5 Rxe5 26. Nxe5 Rxd4 27.
Nxc6 Rc4 28. Qb2 Ne6 29. Qf6 Rf4 30. Qe7 Qd7 31. Qd6 Qxd6 32. cxd6 Kf8 33. Ne5
Rd4 34. Rc1 Ba6 35. d7 Rd6 36. Rc8+ Kg7 37. Rc6 Rd1+ 38. Kh2 Bb7 39. Rxe6 fxe6
40. Bxb7 Kf8 41. Bc8 1-0

[Event "Hastings Masters"]
[Site "Hastings"]
[Date "2010.12.29"]
[Round "2.27"]
[White "Furman, Boris"]
[Black "Lock, Gavin R"]
[Result "1/2-1/2"]
[WhiteElo "2253"]
[BlackElo "2182"]
[PlyCount "65"]
[EventDate "2010.12.28"]

1. d4 d5 2. c4 c6 3. Nc3 Nf6 4. Bg5 dxc4 5. a4 Qa5 6. Nf3 Ne4 7. Bd2 Nxd2 8.
Nxd2 e5 9. Nxc4 Qb4 10. e3 Be6 11. Nxe5 Qxb2 12. Rc1 Bb4 13. Qd2 Qxd2+ 14. Kxd2
Nd7 15. Nd3 Ba5 16. Nf4 Nb6 17. Nxe6 fxe6 18. Kd3 Bxc3 19. Rxc3 Nxa4 20. Ra3
Nb6 21. Be2 O-O-O 22. Rxa7 e5 23. Rb1 Kc7 24. Bf3 exd4 25. exd4 Ra8 26. Rba1
Rxa7 27. Rxa7 Ra8 28. Rxa8 Nxa8 29. Be4 h6 30. Ke3 Kd6 31. Kf4 Ke6 32. Bf3 Nc7
33. Ke4 1/2-1/2